000 00932cab a2200289 4500
001 WB2740-46
008 090401t1991 xxu||||| |||| 00| 0 eng d
035 _a(Sirsi) u13979
041 _aeng
245 _aNorth Kent
260 _c1991
300 _aLOAN
350 _a0
490 _aFinancial Times
_v16 October 1991, 17-19(3)
520 _aFT survey on North Kent looks at the effect the high speed Channel Tunnel rail link is having a development opportunities in towns such as Dartford, Gillingham, Rochester and Swale. Assesses the work of the Chatham Historic Dockyard Trust in promoting conservation and tourism.
650 _aCHATHAM MARITIME
650 _aDARTFORD
650 _aEAST THAMES CORRIDOR
650 _aENTERPRISE ZONES
650 _aGRAVESEND
650 _aMEDWAY TOWNS
650 _aNORTH KENT
650 _aROCHESTER
690 _aSPECIAL REPORTS
942 _n0
948 _c04/03/1997
999 _c9044
_d9044